000 00419nam a2200169Ia 4500
008 151213s9999 xx 000 0 und d
020 _a984-809-038-x
100 _aMD. Golam Mohiuddin
245 _aIslamic Management
_cMD. Golam Mohiuddin
250 _a2nd
260 _aDhaka
_bU G C
_c2009
300 _a7224 p.
650 _aManagement
650 _aManagement
700 _aMD. Golam Mohiuddin
999 _c3842
_d3842